000 00706nam a2200205 i 4500
001 48179
003 ES-MaACL
005 20250829063109.0
007 t|
008 950706s1861 fr |||| | fre d
100 1 _aChasles, Philarète,
_d1798-1873
_938156
245 1 0 _aEtudes sur l'Allemagne au XIXe siècle /
_cpar Philarète Chasles.
260 _aParis :
_bAmyot,
_c1861 (
_eCoulommiers :
_fimprimerie de A. Moussin)
300 _aXVI, 428 p. ;
_c19 cm.
650 4 _aLiteratura alemana-
_yS.XIX-
_xHistoria y crítica.
_9156831
651 4 _aAlemania-
_xHistoria-
_yS. XIX.
_97665
651 4 _aAlemania-
_xUsos y costumbres.
_9158443
852 _aES-MaACL
_jC-688
999 _c48179
_d48179